ბათუმის შოთა რუსთაველის სახელმწიფო უნივერსიტეტის ბიბლიოთეკა

Contemporary Fixed Prosthodontics / (ბიბ.ჩანაწერი № 61266)

000 -LEADER
fixed length control field 00813nam a22002177a 4500
005 - DATE AND TIME OF LATEST TRANSACTION
control field 20240117161542.0
008 - FIXED-LENGTH DATA ELEMENTS--GENERAL INFORMATION
fixed length control field 240117s2023 enk||||| |||| 00| 0 eng d
020 ## - INTERNATIONAL STANDARD BOOK NUMBER
International Standard Book Number 9780323720892
041 ## - LANGUAGE CODE
Language code of text/sound track or separate title eng
080 ## - UNIVERSAL DECIMAL CLASSIFICATION NUMBER
Universal Decimal Classification number 617.6 R-79
100 ## - MAIN ENTRY--PERSONAL NAME
Personal name Rosenstiel, Stephen F.
9 (RLIN) 8424
245 ## - TITLE STATEMENT
Title Contemporary Fixed Prosthodontics /
Statement of responsibility, etc. Stephen F. Rosenstiel, Martin F. Land, Robert Walter.
250 ## - EDITION STATEMENT
Edition statement 6th Edition
264 ## - PRODUCTION, PUBLICATION, DISTRIBUTION, MANUFACTURE, AND COPYRIGHT NOTICE
Place of production, publication, distribution, manufacture Philadelphia:
Name of producer, publisher, distributor, manufacturer Elsevier,
Date of production, publication, distribution, manufacture, or copyright notice 2023.
300 ## - PHYSICAL DESCRIPTION
Extent 934 p.:
Other physical details ill.;
Dimensions 29 cm.
653 ## - INDEX TERM--UNCONTROLLED
keyword თანამედროვე ფიქსირებული პროთეზირება
653 ## - INDEX TERM--UNCONTROLLED
keyword სტომატოლოგია
700 ## - ADDED ENTRY--PERSONAL NAME
Personal name Land, Martin F.
Relator term ავტორი
9 (RLIN) 8427
700 ## - ADDED ENTRY--PERSONAL NAME
Personal name Walter, Robert
Relator term ავტორი
9 (RLIN) 21070
942 ## - ADDED ENTRY ELEMENTS (KOHA)
Source of classification or shelving scheme
Koha item type წიგნი
ეგზემპლარები
Withdrawn status Lost status Source of classification or shelving scheme Damaged status Not for loan Permanent Location Current Location Shelving location Date acquired Cost, normal purchase price Full call number Barcode Date last seen Copy number Price effective from Koha item type Public note
          ბათუმის შოთა რუსთაველის სახელმწიფო უნივერსიტეტის მთავარი ბიბლიოთეკა ბათუმის შოთა რუსთაველის სახელმწიფო უნივერსიტეტის მთავარი ბიბლიოთეკა წიგნსაცავი 2024-01-17 454.00 617.6 R-79 67140 2024-01-17 67140 2024-01-17 წიგნი 454 ლ.
          ბათუმის შოთა რუსთაველის სახელმწიფო უნივერსიტეტის მთავარი ბიბლიოთეკა ბათუმის შოთა რუსთაველის სახელმწიფო უნივერსიტეტის მთავარი ბიბლიოთეკა წიგნსაცავი 2024-01-17 454.00 617.6 R-79 67139 2024-01-17 67139 2024-01-17 წიგნი 454 ლ.